000 01184nam a2200361 c 4500
999 _c27635
_d27635
003 BLK
005 20250612131149.0
008 180413b bul|||||r ||||||| ||bul||
010 _aKNG00030218000
020 _a954-527-121-3
040 _aBLK
041 _aBUL
_cBUL
072 7 _2bullib
_aЯ
_xАвтографи
080 _aБългарска литература
_b821.163.2
_x-93-34
_z821.163.2-93-34
100 1 _aДългъчева, Мая
_eпърви автор
_9269386
139 _aДългъчева, Мая
_bД 95
245 1 0 _aСлон и чадър
_bПриказка
_cМая Дългъчева; худож. Ивайло Николов.
257 _aBGR
260 _bДамян Яков
_c1999
_aСофия
300 _a18 с.
_bс ил.
_c28 см
380 _aDX
500 _aДеп. списък: депозит сп.1
659 _aЯ
700 1 _aНиколов, Ивайло
_eхудож.
_9365451
852 _aЦб ІІ 10648
856 4 _qpdf
_u
856 4 _qpdf
_u
942 _cKNG
_n0
_015
_s1
944 _aCR
_c03.06.2003
_k30564
_lАнна Гръцманова
944 _aED
_c03.06.2003
999 _d27635
999 _d27635